Investment, growth, and uniformity versus selectivity in capital income taxation: testing the king-Fullerton framework (Record no. 80400)

000 -LEADER
fixed length control field 00461pab a2200157 454500
008 - FIXED-LENGTH DATA ELEMENTS--GENERAL INFORMATION
fixed length control field 180718b2000/2008 xxu||||| |||| 00| 0 eng d
100 ## - MAIN ENTRY--PERSONAL NAME
Personal name Florio, Massimo
245 ## - TITLE STATEMENT
Title Investment, growth, and uniformity versus selectivity in capital income taxation: testing the king-Fullerton framework
260 ## - PUBLICATION, DISTRIBUTION, ETC.
Date of publication, distribution, etc. 2000/2008
300 ## - PHYSICAL DESCRIPTION
Extent p.64-81.
650 ## - SUBJECT ADDED ENTRY--TOPICAL TERM
Topical term or geographic name entry element Income tax
700 ## - ADDED ENTRY--PERSONAL NAME
Personal name Fiorio, Carlo V.
773 ## - HOST ITEM ENTRY
Main entry heading Public Finance
908 ## - PUT COMMAND PARAMETER (RLIN)
Put command parameter N
909 ## -
-- 80400
Holdings
Withdrawn status Lost status Damaged status Not for loan Permanent Location Current Location Date acquired Serial Enumeration / chronology Barcode Date last seen Price effective from Koha item type
        Indian Institute of Public Administration Indian Institute of Public Administration 2018-07-19 Volume no: 55, Issue no: 1-2 AR80860 2018-07-19 2018-07-19 Articles

Powered by Koha